00521nam a22001457a 4500020000800000040001600008082001600024100003000040245009500070260004100165300004000206942001200246999001900258952009800277 qPB. cFIZZA ISHAQ a150.19bROG aRogers , Carl R. 9133836 aPerson to Person: The Problem of Being Human, A New Trend in Psychology /cCarl R. Rogers. aNew York:bReal People Press,c1967. a276 P. ;c7.87 x 5.51 x 1.57 inches 2ddccBK c616812d616812 00102ddc4070aNQCbNQCcGENd2026-04-02l0o150.19 ROGpQD-671r2026-04-02w2026-04-02yBK